MARC
| LEADER | 00000 a a2200000 04500 | ||
|---|---|---|---|
| 001 | 25922 | ||
| 003 | |||
| 040 | |||
| 020 | |a 9977-07-000-8 | ||
| 090 | |a 174300 | ||
| 110 | |a Universidad Nacional. Maestría en Política Económica para Centroamérica y el Caribe | ||
| 245 | |a El Cambio en la agricutura: el caso de los granos básicos durante la administración Arias / |c Universidad Nacional. Maestría en Política Económica para Centroamérica y el Caribe | ||
| 260 | |a Heredia: |b UNA | ||
| 300 | |a 87 p | ||
| 710 | |a Centro Nacional de Acción Pastoral |a CENAP | ||
| 999 | |c 17304 |d 17304 | ||



